01438nam a2200361Ia 4500001001200000003000800012006001900020007001500039008004100054010001700095020003100112020001800143040002100161035002100182050002300203082001900226245012800245260005600373300001700429504005100446533015200497650005900649651003000708651003700738651004000775655002900815700002500844700002100869700002400890710001700914856012600931999001901057ebr10681932CaPaEBRm u cr cn|||||||||121128s2013 flu sb 001 0 eng d z 2012046699 z9780813044378 (alk. paper) z9780813048338 aCaPaEBRcCaPaEBR a(OCoLC)83684879814aE185b.A477 2013eb04a305.80097522304aThe American South and the Atlantic worldh[electronic resource] /cedited by Brian Ward, Martyn Bone, and William A. Link. aGainesville :bUniversity Press of Florida,cc2013. aviii, 274 p. aIncludes bibliographical references and index. aElectronic reproduction.bPalo Alto, Calif. :cebrary,d2013.nAvailable via World Wide Web.nAccess may be limited to ebrary affiliated libraries. 0aAfrican AmericanszSouthern StatesxSocial conditions. 0aSouthern StatesxHistory. 0aSouthern StatesxRace relations. 0aSouthern StatesxSocial conditions. 7aElectronic books.2local1 aBone, Martyn,d1974-1 aLink, William A.1 aWard, Brian,d1961-2 aebrary, Inc.40uhttp://site.ebrary.com/lib/rucke/Doc?id=10681932zAn electronic book accessible through the World Wide Web; click to view c174814d174814